LEADER 00963cam a2200241 i 4500 001 991003262689707536 008 080125s2005 fi 000 0 eng d 020 $a9517652828 035 $ab13657112-39ule_inst 040 $aBiblioteca Interfacoltà$bita 082 04$a658.8 100 1 $aSingh, Rajesh$0627608 245 10$aMarketing culture of Finnish research libraries :$ban analysis of marketing attitude, knowledge and behaviour /$cRajesh Sing 260 $aAbo :$bAbo akademis forlag,$c2005 300 $aviii, 285 p. :$bill. ;$c25 cm 650 4$aMarketing$zFinlandia$vStatistiche 651 4$aFinlandia$vStatistiche 907 $a.b13657112$b02-04-14$c25-01-08 912 $a991003262689707536 945 $aLE002 658.8 SIN$g1$i2002000898630$lle002$oe$pE0.00$q-$rl$s- $t0$u0$v0$w0$x0$y.i15458039$z13-11-12 996 $aMarketing culture of Finnish research libraries$91213013 997 $aUNISALENTO 998 $ale002$b25-01-08$cm$da $e-$feng$gfi $h0$i0